书目信息 |
| 题名: |
理论力学练习册
|
|
| 作者: | 马连生 , 杨静宇 , 宋曦 主编 | |
| 分册: | ||
| 出版信息: | 北京 科学出版社 2009.06 |
|
| 页数: | 304页 | |
| 开本: | 26cm | |
| 丛书名: | 普通高等院校工科力学系列教材 | |
| 单 册: | ||
| 中图分类: | O31-44 | |
| 科图分类: | ||
| 主题词: | 理论力学--li lun li xue--高等学校--教材 | |
| 电子资源: | ||
| ISBN: | 978-7-03-024549-6 | |
| 000 | 01349nam0 2200301 450 | |
| 001 | 01CN04630507@CSLN | |
| 005 | 20100705103608.18 | |
| 010 | @a978-7-03-024549-6@dCNY | |
| 100 | @a20100515d2009 em y0chiy50 ea | |
| 101 | 0 | @achi |
| 102 | @aCN@b110000 | |
| 105 | @aa z 000yy | |
| 200 | 1 | @a理论力学练习册@Ali lun li xue lian xi ce@f马连生, 杨静宇, 宋曦主编@Fma lian sheng,yang jing yu,song xi zhu bian |
| 210 | @a北京@c科学出版社@d2009.06 | |
| 215 | @a304页@c图@d26cm@e含练习册 | |
| 225 | 2 | @a普通高等院校工科力学系列教材@Apu tong gao deng yuan xiao gong ke li xue xi lie jiao cai |
| 225 | 2 | @a普通高等教育“十一五”规划教材@Apu tong gao deng jiao yu shi yi wu gui hua jiao cai |
| 307 | @a本书是《理论力学》附赠的练习册 | |
| 330 | @a全书内容包括基本部分和专题部分,共17章,系统地介绍了静力学、运动学、动力学普遍定理、达郎贝尔原理、虚位移原理和拉格朗日方程的基本概念、基本理论、基本方法以及工程应用问题。注重叙述分析问题、解决问题的思路及方法;书中例题类型多,每章后附有习题。 | |
| 410 | 0 | @12001 @a普通高等院校工科力学系列教材 |
| 410 | 0 | @12001 @a普通高等教育“十一五”规划教材 |
| 606 | 0 | @a理论力学@Ali lun li xue@x高等学校@j教材 |
| 690 | @aO31-44@v4 | |
| 701 | 0 | @a马连生@Ama lian sheng@4主编 |
| 701 | 0 | @a杨静宇@Ayang jing yu@4主编 |
| 701 | 0 | @a宋曦@Asong xi@4主编 |
| 801 | 0 | @aCN@c20100515 |
| 905 | @dO31-44@eM091@f3 | |
| 理论力学练习册/马连生, 杨静宇, 宋曦主编.-北京:科学出版社,2009.06 |
| 304页:图;26cm+含练习册.-(普通高等院校工科力学系列教材).-(普通高等教育“十一五”规划教材) |
| ISBN 978-7-03-024549-6:CNY |
| 全书内容包括基本部分和专题部分,共17章,系统地介绍了静力学、运动学、动力学普遍定理、达郎贝尔原理、虚位移原理和拉格朗日方程的基本概念、基本理论、基本方法以及工程应用问题。注重叙述分析问题、解决问题的思路及方法;书中例题类型多,每章后附有习题。 |
| ● |
| 相关链接 |
|
|
|
正题名:理论力学练习册
索取号:O31-44/M091
 
预约/预借
| 序号 | 登录号 | 条形码 | 馆藏地/架位号 | 状态 | 备注 |